Aȯ̂ direta da vt̕ima no seguro de responsabilidade civil

Detalles Bibliográficos
Autor principal: de Medeiros Melo, Gustavo
Formato: eBook
Lenguaje:portugués
Publicado: San Pablo: Editora ContraCorrente, 2016
Materias:
Acceso en línea:Acceso restringido

MARC

LEADER 00000nam a22000007a 4500
005 20191010231211.0
007 cr|||| ||||
008 191010s2016 br |||||s|||| 00||0 por d
020 |a 978-85-69220-14-5 
035 |a 30527 
040 |a vLex 
090 |c 9781  |d 9781 
100 1 |a de Medeiros Melo, Gustavo 
245 1 0 |a Aȯ̂ direta da vt̕ima no seguro de responsabilidade civil  |h [Recurso electrn̤ico] /  |c Gustavo de Medeiros Melo 
256 |a Servicio en ln̕ea 
260 |a San Pablo:  |b Editora ContraCorrente,  |c 2016 
300 |a 1 recurso electrn̤ico 
506 1 |a Disponible solo en los productos indicados  |d vLex Global  |d vLex Global (Academic Edition, excluding Law Schools)  |d vLex Global (U.S. Academic Edition, Law Schools)  |d vLex Global (U.S. Academic Edition, excluding Law Schools)  |d vLex Global (Academic Edition, Law Schools) 
650 0 4 |a Derecho Civil  |z Brasil 
740 0 |a vLex Libros (Servicio en ln̕ea) 
856 4 0 |u http://vlex.com/source/a-o-direta-vitima-seguro-responsabilidade-civil-30527  |z Acceso restringido 
942 |c BOOK 
999 0 |a Civil Law